00338 2200145 4500001002100000005001500021035002000036245002600056100001800082856002000100260003100120082000800151084001400159990001900173INLIS00000000000109120260211092104 a0010-02260001811 aGuardians of Ga'hoale0 aKathryn Lasky aRuang Baca Umum aTangerang :bKubika,c2010 a823 a823 KAT g a800.2017.01036